[Event "RUS-Cup6"]
[Site "Krasnodar"]
[Date "1997.03.16"]
[Round "6"]
[White "Tregubov, Pavel V"]
[Black "Burmakin, Vladimir"]
[Result "1-0"]
[WhiteElo "2525"]
[BlackElo "2530"]
[Annotator "Huebner,R"]
[PlyCount "77"]
[EventDate "1997.03.11"]
[EventType "swiss"]
[EventRounds "9"]
[EventCountry "RUS"]
[SourceTitle "EXT 2000"]
[Source "ChessBase"]
[SourceDate "1999.11.16"]
[SourceVersion "1"]
[SourceVersionDate "1999.11.16"]
[SourceQuality "1"]

1. d4 d5 2. c4 c6 3. Nf3 Nf6 4. Nc3 a6 5. e3 b5 6. cxd5 cxd5 7. Bd2 e6 8. Bd3
Nc6 (8... Nbd7 {sieht natürlicher aus:} 9. O-O Bb7 10. Ne2 Ne4 11. a4 b4 12. a5
Bd6 13. Qa4 Nxd2 14. Nxd2 O-O $14 {Gurevich,M-Bareev,E/BL9192 1992/1-0 (80)})
9. Rc1 Qb6 10. O-O Bb7 11. a3 $6 (11. Ne2 {gefällt mir besser.}) 11... Na5 12.
Ne5 Nc4 13. Qe2 $6 (13. Rc2 {scheint mir nötig zu sein.}) 13... Bd6 ({Die
Fortsetzung} 13... Nxb2 14. Nxb5 Nc4 15. Bxc4 dxc4 16. Nc3 {ist für Schwarz
nicht empfehlenswert. Nach dem Textzug hat Weiß jedoch Schwierigkeiten.}) 14.
f4 $2 {Nötig war} (14. Nxc4 bxc4 15. Bc2 $15) 14... O-O $2 ({Hier sehe ich
nicht, was den Schwarzen an} 14... Nxb2 {hindert.}) 15. Be1 Be7 16. Bh4 Qd8 (
16... Rfc8 17. f5 Rc7 {war zu versuchen. Nach dem Textzug bekommt Schwarz
Schwierigkeiten durch die Schwäche des Feldes c5.}) 17. a4 b4 18. Nb1 Nd6 19.
Nd2 Nfe4 $2 (19... Nde4 {sollte geschehen, um den Abtausch der
schwarzfeldrigen Läufer (zunächst) zu vermeiden.}) 20. Bxe7 Qxe7 21. Bxe4 dxe4
22. Rc5 Rfc8 23. Rfc1 $18 f6 24. Nec4 Rxc5 25. dxc5 Nf7 26. Nb6 $2 ({Zum
Gewinn führte sofort} 26. c6 Bxc6 27. Nb6 Rb8 28. Rxc6 Nd8 29. Qc4 Nxc6 30.
Qxc6 $18) 26... Rd8 27. Nb3 (27. c6 {wird mit} Qc7 {beantwortet.}) 27... Rd3
28. c6 Bxc6 29. Rxc6 Rxb3 30. Qc4 Rxe3 $2 (30... Rd3 31. Rxe6 Rd1+ 32. Kf2 Qd8
{hätte dem Schwarzen erfolgreichen Widerstand ermöglicht; nach} 33. Qxe4 Qd2+
34. Kg3 Qe1+ 35. Kh3 g5 {gerät der König des Weißen in ein Mattnetz.} 36. f5 h5
) 31. Rc8+ Nd8 32. Nd5 $18 Re1+ 33. Kf2 Qd6 34. Nxf6+ gxf6 35. Kxe1 e3 36. Qc2
Kg7 37. Qc7+ Qxc7 38. Rxc7+ Kg6 39. Ke2 1-0

[Event "Olomouc After GP Mladi"]
[Site "Olomouc"]
[Date "1997.??.??"]
[Round "6"]
[White "Stohl, Igor"]
[Black "Movsesian, Sergei"]
[Result "1/2-1/2"]
[WhiteElo "2565"]
[BlackElo "2555"]
[Annotator "Huebner,R"]
[PlyCount "66"]
[EventDate "1997.08.05"]
[EventType "tourn"]
[EventRounds "11"]
[EventCountry "CZE"]
[EventCategory "10"]
[SourceTitle "CBM 061"]
[Source "ChessBase"]
[SourceDate "1997.11.23"]
[SourceVersion "1"]
[SourceVersionDate "1997.11.23"]
[SourceQuality "1"]

1. Nf3 Nf6 2. c4 c6 3. Nc3 d5 4. d4 a6 5. Ne5 e6 6. Bf4 (6. g3 b5 7. c5 Nfd7 8.
Nd3 g6 9. e4 Bg7 10. e5 f6 11. f4 a5 12. a3 f5 13. Be3 h5 14. h3 Bf8 15. Qf3
Na6 16. b4 Ndb8 17. Be2 Ra7 18. Kd2 Rah7 19. Kc2 a4 20. Rag1 Qe7 {Dokhoian,
Y-Rausis,I/Lublin 1993/EXP 37/1/2-1/2 (50)}) 6... b5 (6... Be7 7. e3 b5 (7...
O-O 8. Bd3 Nbd7 9. O-O dxc4 10. Nxc4 c5 11. a4 b6 12. Qf3 Ra7 13. Rfd1 Bb7 14.
Qh3 cxd4 15. exd4 g6 16. Ne5 Nd5 17. Bh6 Re8 18. f4 Nxc3 19. bxc3 Bf6 20. Rf1
Qe7 21. Rae1 Bg7 22. Bxg7 Kxg7 23. f5 exf5 24. Nxg6 Qxe1 25. Rxe1 Rxe1+ 26. Kf2
fxg6 27. Kxe1 {1-0 Lavrov,A-Svobodova,M/Budapest FS02 IM-A 1995/EXP 46 (41)})
8. cxb5 cxb5 9. Bd3 Bb7 10. O-O Nc6 11. a4 b4 12. Na2 O-O 13. Nc1 Nxe5 14. Bxe5
Nd7 15. Bg3 Nb6 16. Nb3 Nc4 17. Qe2 a5 18. Rfc1 Ba6 19. Nd2 Nxd2 20. Qxd2 Qb6
21. Bxa6 {Alterman,B-Vainshtein,V/ISR-ch 1992/TD 92\10/1-0 (52)}) (6... c5 7.
e3 Nc6 8. Be2 Be7 9. dxc5 Bxc5 10. cxd5 exd5 11. O-O O-O 12. Rc1 Bd6 13. Nxc6
bxc6 14. Bxd6 Qxd6 15. Na4 Re8 16. b3 Ne4 17. Bd3 Re6 18. Bxe4 Rxe4 19. Qc2 Rh4
20. f4 Rh6 21. Rfd1 {Agrest,E-Hellsten,J/Malmo 1996/CBM 54/0-1 (54)}) 7. c5
Nfd7 8. b4 a5 9. a3 Nxe5 10. Bxe5 Nd7 11. Bg3 f5 $6 {Schwarz will offenbar
e2-e4 unterbinden, aber sein Vorgehen scheint mir strategisch verfehlt zu sein;
er muß e6-e5 anstreben.} (11... Be7 12. e4 dxe4 13. Nxe4 O-O {führt zu einer
für ihn durchaus befriedigenden Stellung.}) 12. e3 Qf6 $2 (12... Be7 {ist
offenbar solider.}) 13. Nxb5 cxb5 14. Bxb5 Qd8 (14... axb4 15. axb4 Rxa1 16.
Qxa1 Qd8 (16... Be7 17. Qa7 {kommt nicht in Betracht für Schwarz.}) 17. Qa7 {
hat für Schwarz die unerfreulichsten Folgen; er darf der Dame des Weißen das
Eindringen auf der a-Linie nicht gestatten.}) (14... Be7 15. Bc6 Ra7 16. b5 O-O
17. b6 Ra6 18. Bxd7 Bxd7 19. b7 f4 20. Bxf4 e5 21. b8=Q Rxb8 22. Bxe5 Qg6 (
22... Qf8 23. Bxb8 Qxb8 24. Rb1 {sieht schlecht aus für Schwarz.}) 23. Bxb8
Qxg2 24. Kd2 Qxf2+ 25. Qe2 {ist unzutunlich für Schwarz.}) 15. O-O $2 {Ich
sehe keinen Grund dafür, dem Schwarzen Zeit zur Organisation einer
Verteidigung einzuräumen. Nach} (15. Bc6 Ra7 (15... Ba6 16. b5 $18 Rc8 17.
Bxd7+ {ist hoffnungslos für Schwarz.}) 16. b5 (16. Bb8 Ra6 17. b5 $2 Rxc6 {
wäre natürlich verkehrt.}) 16... Bb7 17. Qa4 {scheint mir die Lage des
Schwarzen aussichtslos zu sein:} Kf7 (17... Ba8 18. b6 Bxc6 (18... Ra6 19. b7
$18) (18... Rb7 19. Bc7 $18) 19. Qxc6 Ra6 20. Qxe6+) 18. Bxb7 (18. Bxd7 Qxd7
19. c6 Qc8 {ist weniger überzeugend, genügt aber nach} 20. O-O {vielleicht
auch zum Sieg.}) 18... Rxb7 19. c6 {mit Gewinnstellung für Weiß:} Ra7 (19...
Nb6 20. cxb7 Nxa4 21. b8=Q $18) (19... Rb6 20. Qxa5 $18) 20. cxd7 Qxd7 21. O-O
{usw.}) 15... Be7 (15... Ba6 {ist nicht wirksamer:} 16. Bxa6 Rxa6 17. b5 Ra8
18. b6 Qc8 (18... Nxb6 19. cxb6 Qxb6 20. Qa4+ Kf7 21. Rab1 Qa6 (21... Qa7 22.
Rfc1 $18) 22. Qd7+ Be7 23. Rb7 Rhe8 24. Rfb1 Rad8 25. Qa4 Rc8 26. Bc7 {sieht
hoffnungslos für Schwarz aus.}) (18... e5 19. b7 Ra7 (19... Rb8 20. c6) 20. Rb1
{wird den Nachziehenden nicht mit Freude erfüllen.}) 19. Qa4 {hält Schwarz
sicher nicht aus.}) 16. Bc6 (16. c6 O-O 17. cxd7 Bxd7 18. Bxd7 Qxd7 19. bxa5
Rxa5 20. a4 Rfa8 {führt zu einer Remisstellung.}) 16... Ra7 17. b5 O-O 18. Rb1
({Auch nach} 18. Qa4 Nxc5 (18... Bh4 19. b6 $18) (18... Bf6 19. b6 Nxb6 20.
cxb6 Qxb6 21. Rab1 {sieht auch hoffnungslos für Schwarz aus.}) 19. dxc5 Bxc5
20. Rac1 {behält Weiß erklecklichen Vorteil. Die Kraft des Zuges 18.Da4
besteht darin, daß der Läufer auf c6 gedeckt wird, so daß der Vorstoß b5-b6,
Ta7-a6, b6-b7 droht; der Textzug hat aber den Vorteil, daß die Möglichkeit
Sd7xc5 entkräftet wird.}) 18... Bh4 ({Hier scheitert} 18... Nxc5 {an} 19. b6)
19. Bd6 Be7 20. Bg3 Bh4 21. b6 Rb7 22. Bxh4 Qxh4 23. f4 $2 {Weiß will dem
Gegner jede Möglichkeit zu Gegenaktionen beschneiden; aber das verlangsamt
natürlich seine eigene Aktivitätsentfaltung. Aussichtsreich war} (23. Qa4 Nb8
24. Bxb7 (24. Bb5 f4 25. g3 fxg3 26. fxg3 (26. hxg3 Qg4) 26... Qe4 {Schwarz
bekommt Gegenspiel.}) 24... Bxb7 25. Qxa5 {scheint mir dem Weißen aber eine
Gewinnstellung zu verschaffen.} f4 26. g3 fxg3 27. fxg3 Qe4 28. Rxf8+ Kxf8 29.
Rf1+ Ke7 30. Qd2 {ist hier nicht mehr wirksam, weil dem Schwarzen der
Damenturm fehlt.}) 23... Nb8 24. Ba4 ({Nach} 24. Bxb7 Bxb7 25. Qe1 Qxe1 26.
Rfxe1 Nc6 {hat Schwarz eine wirksame Blockadestellung errichtet.}) 24... Rbf7
25. c6 Ba6 26. Rf2 Qe7 27. Qc1 (27. c7 Qxa3 {braucht Schwarz nicht zu fürchten.
}) 27... Bd3 28. Rb3 Bc4 29. Rb1 Qd6 30. c7 Na6 31. Bb5 Nxc7 (31... Bxb5 32.
c8=Q Rxc8 33. Qxc8+ Rf8 34. b7 Bd3 35. Rb3 Bc4 36. Rc3 {sieht riskant für
Schwarz aus, war aber vielleicht ein genauerer Weg zum Ausgleich; es folgt} Nb8
{usw.}) 32. Bxc4 dxc4 33. bxc7 Rxc7 {Nach 34.Dc3 gefolgt von 35.Tfb2 dürfte
Weiß immer noch beachtlichen Vorteil haben.} 1/2-1/2

[Event "CRO-ch"]
[Site "Slavonski Brod"]
[Date "1995.??.??"]
[Round "?"]
[White "Sulava, Nenad"]
[Black "Loncar, Robert"]
[Result "1/2-1/2"]
[WhiteElo "2420"]
[BlackElo "2385"]
[Annotator "Huebner,R"]
[PlyCount "90"]
[EventDate "1995.02.??"]
[EventType "tourn"]
[EventRounds "13"]
[EventCountry "CRO"]
[EventCategory "10"]
[SourceTitle "CBM 048"]
[Source "ChessBase"]
[SourceDate "1995.10.01"]
[SourceVersion "1"]
[SourceVersionDate "1995.10.01"]
[SourceQuality "1"]

1. d4 d5 2. c4 c6 3. Nf3 Nf6 4. Nc3 a6 5. c5 Nbd7 6. Bf4 g6 7. e3 Bg7 8. h3 O-O
9. b4 Ne8 10. Rc1 Nc7 11. Bd3 {In der Partie Ruban-Shestoperov, Moscow chT
1994, geschah 11.Be2. Mit dem Textzug strebt Weiß baldiges e3-e4 an.} Re8 (
11... f6 12. e4 e5 13. dxe5 Nxe5 {ist eine prüfenswerte Folge.}) 12. O-O e5 13.
Nxe5 Nxe5 14. Bxe5 Bxe5 15. dxe5 Rxe5 16. e4 {Mit 16.Ne2 kann Weiß einen
kleinen positionellen Vorteil festhalten.} dxe4 17. Bxe4 (17. Nxe4 Rd5 18. Nd6
Ne8) 17... Qe8 {17...Bf5 führte zu einer ausgeglichenen Stellung.} 18. f4 Re7
19. a4 Be6 20. f5 Bc4 21. Rf4 Rd8 22. Qg4 Nd5 23. Bxd5 cxd5 24. Kh2 (24. Qh4 $5
) 24... Re3 25. Qg5 Re5 26. Rd1 Rc8 27. a5 Rc6 28. Qh4 (28. Rxc4 $2 Rxf5 29.
Qh4 Qe5+ $19) 28... Qb8 29. Qg3 Rf6 30. Rfd4 $2 (30. fxg6 Rxg6 31. Rg4 Rxg4 32.
hxg4 Qe8 33. Qf4 $16) 30... Rfxf5 31. Nxd5 Bxd5 32. Rxd5 Qc7 33. Rd8+ Kg7 34.
R8d7 Qc6 35. R1d6 Qe4 36. Rd4 Qe2 37. Rxb7 Rg5 38. Qf3 Qxf3 39. gxf3 Re2+ 40.
Kh1 Re1+ 41. Kh2 Re2+ 42. Kh1 Rgg2 43. Rf4 Rh2+ 44. Kg1 Reg2+ 45. Kf1 Rf2+
1/2-1/2

[Event "CRO-ch"]
[Site "Slavonski Brod"]
[Date "1995.??.??"]
[Round "?"]
[White "Hulak, Krunoslav"]
[Black "Loncar, Robert"]
[Result "1/2-1/2"]
[WhiteElo "2545"]
[BlackElo "2385"]
[Annotator "Huebner,R"]
[PlyCount "73"]
[EventDate "1995.02.??"]
[EventType "tourn"]
[EventRounds "13"]
[EventCountry "CRO"]
[EventCategory "10"]
[SourceTitle "CBM 048"]
[Source "ChessBase"]
[SourceDate "1995.10.01"]
[SourceVersion "1"]
[SourceVersionDate "1995.10.01"]
[SourceQuality "1"]

1. d4 d5 2. c4 c6 3. Nf3 Nf6 4. Nc3 a6 5. Ne5 Nbd7 6. cxd5 Nxe5 7. dxe5 Nxd5 8.
e4 Nxc3 9. Qxd8+ Kxd8 10. bxc3 e6 11. Be3 {In der Partie Dizdar-Schandorff,
Moscow olm 1994, geschah 11.a4. Ich glaube nicht, daß das Abspiel dem Weißen
große Aussichten auf Erfolg bietet.} Kc7 12. a4 c5 13. Bd3 Bd7 14. Ke2 Be7 15.
c4 Bc6 16. h4 Rhd8 17. h5 Rd7 18. a5 Rad8 19. Ra3 Rb8 20. Ra2 Rbd8 21. Ra3 Rb8
22. Rha1 Rdd8 23. g4 g5 24. Rf1 Rg8 25. Bc2 Rbf8 26. Rb1 Rd8 27. Rab3 Rd7 28.
Rb6 Kc8 29. f3 Bd8 30. Bxc5 Bxb6 31. Bxb6 h6 32. Ke3 Rf8 33. Rf1 f6 34. Bc5
Rff7 35. Bd4 Rxd4 36. Kxd4 Rd7+ 37. Kc5 1/2-1/2

[Event "CRO-ch"]
[Site "Slavonski Brod"]
[Date "1995.??.??"]
[Round "?"]
[White "Cebalo, Miso"]
[Black "Jukic, Branimir"]
[Result "1-0"]
[WhiteElo "2570"]
[BlackElo "2415"]
[Annotator "Huebner,R"]
[PlyCount "71"]
[EventDate "1995.02.??"]
[EventType "tourn"]
[EventRounds "13"]
[EventCountry "CRO"]
[EventCategory "10"]
[SourceTitle "CBM 048"]
[Source "ChessBase"]
[SourceDate "1995.10.01"]
[SourceVersion "1"]
[SourceVersionDate "1995.10.01"]
[SourceQuality "1"]

1. d4 Nf6 2. Nf3 d5 3. c4 c6 4. Nc3 a6 5. c5 Nbd7 6. Bf4 g6 7. h3 Bg7 8. e3 b6
9. cxb6 Qxb6 10. b3 {In der Partie Sakaev-Dreev, Moscow olm 1994, geschah 10.
Qb3 0-0 mit baldigem Remis. Der Textzug verursacht eine gewisse Schwächung der
schwarzen Felder.} (10. Qd2 $5 Ne4 11. Nxe4 dxe4 12. Ne5 $14) 10... Ne4 (10...
c5 $5) 11. Rc1 (11. Nxe4 dxe4 12. Nd2 (12. Ne5 Nxe5 13. dxe5 Bxe5 14. Bxe5 Qa5+
15. Qd2 Qxe5 $15) 12... c5 $13) 11... Qb4 12. Qc2 c5 13. Be2 Bb7 14. O-O Nxc3
$2 (14... O-O 15. Nxe4 dxe4 16. Ne5 Nxe5 (16... cxd4 17. Nxd7 d3 18. Bxd3 exd3
19. Qxd3 Rfd8 20. Bc7 $18) 17. dxe5 $16) (14... Rc8 15. Nxe4 dxe4 16. Ne5 $16)
(14... cxd4 15. exd4 (15. Nxe4 dxe4 16. Nxd4 e5 (16... O-O 17. Qc7 $16) (16...
Bxd4 17. exd4 Nf6 18. Bh6 Rg8 $13) 17. Nc6 Qb6 18. Qxe4 Rc8 (18... Nc5 19. Qd5
Bxc6 20. Qxc5 Qxc5 21. Rxc5 Bxg2 22. Kxg2 exf4 23. exf4 $16) (18... O-O 19. Bg3
Rfe8 20. Qa4 $18) 19. Bf3 Bxc6 20. Rxc6 Rxc6 21. Qxc6 Qxc6 22. Bxc6 exf4 23.
Rd1 $16) 15... Rc8 (15... O-O $1 $15) 16. Nxd5 Rxc2 17. Nxb4 Rxe2 18. Rc7 a5
19. Rxb7 axb4 20. Rc1 Nd6 21. Bxd6 exd6 22. Rcc7 $16) (14... Ndf6 $5) 15. Qxc3
Qxc3 16. Rxc3 O-O 17. Rfc1 Rfc8 18. Ne5 cxd4 $5 (18... Bxe5 $6 19. Bxe5 cxd4 (
19... f6 20. Bg4 f5 21. Bf3) 20. Rxc8+ Rxc8 21. Rxc8+ Bxc8 22. Bxd4 $16) 19.
Rxc8+ Rxc8 20. Rxc8+ Bxc8 21. Nxd7 Bxd7 22. Bxa6 e5 23. Bg3 dxe3 $2 (23... e4
24. exd4 Bxd4 25. Bb7 Be6 26. a4 (26. b4 Bc3 27. a3 (27. b5 Ba5 $13) (27. Bd6
d4 28. a4 Bb3 $13) 27... f5 $13) 26... Bc3 27. Bc7 d4 28. a5 Bxb3 29. a6 (29.
Bxe4 Bc4 $13) 29... d3 30. a7 d2 31. a8=Q+ Kg7 $10) 24. fxe3 f5 25. Bb7 d4 26.
exd4 exd4 27. Kf2 Kf7 28. Bd5+ Be6 29. Bc4 Bxc4 30. bxc4 Ke6 31. Ke2 Bf8 32.
Kd3 Bc5 33. Bf4 Kf6 34. a4 g5 35. Bc7 f4 36. a5 1-0

[Event "Sarajevo Bosnia 31st"]
[Site "Sarajevo"]
[Date "2001.05.21"]
[Round "8"]
[White "Topalov, Veselin"]
[Black "Georgiev, Kiril"]
[Result "1/2-1/2"]
[WhiteElo "2707"]
[BlackElo "2676"]
[Annotator "Huebner,R"]
[PlyCount "73"]
[EventDate "2001.05.13"]
[EventType "tourn"]
[EventRounds "9"]
[EventCountry "BIH"]
[EventCategory "16"]
[SourceTitle "CBM 084"]
[Source "ChessBase"]
[SourceDate "2001.09.13"]
[SourceVersion "1"]
[SourceVersionDate "2001.09.13"]
[SourceQuality "1"]

1. Nf3 Nf6 2. c4 c6 3. d4 d5 4. Nc3 a6 5. c5 Nbd7 6. Bf4 Nh5 7. e3 g6 8. Bd3
Bg7 9. O-O O-O 10. h3 Nxf4 11. exf4 b6 12. cxb6 Qxb6 13. Na4 Qa7 ({Die
Fortsetzung} 13... Qc7 {sieht natürlicher aus:} 14. f5 e5 15. fxe6 fxe6 16. Ng5
Qd6 17. Qg4 Nf6 18. Qh4 Rb8 {mit etwa gleichem Spiel: Pritchett,C-Engqvist,T/
Gausdal 1993/TD (0-1,41). (41)}) 14. Rc1 Bxd4 {Nach anderen Fortsetzungen wäre
sofort deutlich, daß 13...Da7 nicht die richtige Wahl war.} 15. Bxg6 Bxf2+ ({
Nach} 15... Bg7 16. Bb1 {würde sich Weiß bald über den geschwächten
Königsflügel des Schwarzen hermachen. Auch nach dem Textzug bleibt die
Königsstellung des Schwarzen unbefriedigend geschützt.}) 16. Rxf2 hxg6 17. Nd4
Bb7 18. f5 Qb8 $6 {Schwarz möchte die Dame zur Verteidigung des Königsflügels
heranziehen. Dieser Plan ist jedoch zu zeitraubend; auf der Diagonale a7-g1
übte sie zudem eine gute Wirkung aus. Es gab bessere Pläne:} (18... e6 19. fxg6
(19. Qd2 exf5 {ist nicht gewinnträchtig für Weiß.}) 19... fxg6 20. Qg4 (20.
Rxf8+ Rxf8 21. Qg4 Rf6 {braucht Schwarz ebenfalls nicht zu fürchten.}) 20...
Rxf2 21. Kxf2 e5 {Weiß hat nicht mehr als remis.}) (18... c5 19. fxg6 fxg6 20.
Qg4 cxd4 21. Qxg6+ Kh8 22. Qh6+ Kg8 23. Qe6+ Kh8 24. Qxd7 Rxf2 ({Nicht besser
ist} 24... d3 {wegen der Möglichkeit} 25. Rc5) 25. Kxf2 Rf8+ {mit unklaren
Verwicklungen.}) 19. fxg6 fxg6 20. Qg4 Rxf2 ({Die Fortsetzung} 20... Qd6 21.
Nf5 Rxf5 22. Rxf5 Ne5 23. Qg3 Nd3 24. Qxd3 gxf5 25. Qxf5 {führt zu einer
positionell hoffnungslosen Stellung für Schwarz.}) (20... Qe8 21. Qe6+ Kh7 ({
Nicht ratsam für Schwarz ist} 21... Kh8 22. Rxf8+ Nxf8 23. Qe5+ Kg8 24. Nc5) (
21... Kg7 22. Rxf8 Nxf8 23. Qe5+ {kommt auf das Gleiche hinaus.}) 22. Re1 Rxf2
23. Kxf2 {ist ebenfalls äußerst unbequem für Schwarz.}) 21. Qxg6+ Kh8 22. Qh6+
Kg8 23. Qg6+ Kh8 24. Qh5+ Kg8 25. Qg5+ Kf7 26. Qh5+ Kg8 27. Qg4+ Kf7 28. Kxf2
Qd6 29. Nf5 Qg6 ({Nach} 29... Qf6 {kann Weiß mit} 30. Qh5+ Qg6 31. Qxg6+ {
in die Partiefolge einlenken, aber auch nach anderen Möglichkeiten Ausschau
halten.}) 30. Qxg6+ Kxg6 31. g4 (31. Nxe7+ Kf6 32. Nxc6 Rc8 33. Nc3 Rxc6 34.
Nxd5+ Ke5 {bietet dem Weißen natürlich keine Gewinnaussichten.}) 31... Kf6 $6 (
31... Rf8 {machte das Feld a8 für den Läufer frei und bot gute
Ausgleichsaussichten:} 32. Re1 (32. Kg3 e6 33. Nd6 Ba8 {ist auch nicht klar.})
32... e5 33. Kg3 c5 {mit zweischneidigem Spiel.}) 32. Kg3 a5 33. h4 e6 34. Nd6
Ba6 35. Rxc6 Ne5 ({Vielleicht bot die Fortsetzung} 35... Ke7 36. Nb6 Nxb6 37.
Rxb6 Be2 {bessere Verteidigungsaussichten.}) 36. Rb6 $6 {Einen recht
aussichtsreichen Gewinnversuch konnte Weiß mit} (36. Ne8+ $5 {unternehmen:}
Rxe8 ({Auch nach} 36... Kf7 37. Rxe6 Kxe6 38. Nc7+ Kd6 39. Nxa8 {kann Weiß um
den vollen Punkt kämpfen.}) 37. Rxa6 Rc8 38. Nc3 Rc5 39. Ra8 {usw.}) 36... Nd7
37. Rc6 (37. Rb3 Ke7 38. Nb7 {war auch durchaus eines Versuches wert.
Vielleicht befand sich Weiß in Zeitnot.}) 1/2-1/2